Pemetrexed Maintenance Therapy in Patients with Malignant Pleural Mesosthelioma

Bibliographic Details
Main Author: Beržinec, Peter, 1958- (Author)
Format: Article
Language:Slovak
ISSN:1336-8176
Subjects:

MARC

LEADER 00000nab a2200000 ar4500
001 vtls008944500
003 SK-MaSNL
005 20260304144827.0
008 250505c2006 xo qr|p|||||||000 b|slo
015 |a SNBRB2007/02 
035 |a (sysno)vtls008944500 
035 |a urn:nbn:sk:snk-ab6sew 
035 |a (uuid)5c29e6bc-4caf-41bd-b8c1-d6988468b8f6 
035 |a (urnnbn)urn:nbn:sk:snk:ar-a05lps 
038 |a SNKBUCL 
040 |a SNKBUCL  |b slo  |c SNKBUCL  |e AACR2 
041 0 |a slo 
044 |a xo  |c SK 
080 |a 616.25-006.6-085  |2 2001 
080 |a 615.277  |2 2001 
100 1 |a Beržinec, Peter,  |d 1958-  |4 aut  |9 202780 
245 1 0 |a Pemetrexed Maintenance Therapy in Patients with Malignant Pleural Mesosthelioma  |c Peter Beržinec 
504 |a Bibliogr. odkazy 
650 0 7 |a mezotelióm pleurálny malígny  |x farmakoterapia  |2 snkbucl  |9 1466701 
650 0 7 |a pemetrexed  |2 snkbucl  |9 1058518 
773 0 |t Onkológia  |g Roč. 1, č. 1 (2006), s. 67  |x 1336-8176 
850 |a Slovenská národná knižnica 
852 |a Slovenská národná knižnica 
954 |a odborná, vedecká literatúra pôvodná (slovenská)  |2 lita 
958 |a article2022 
958 |a MI 
958 |a NB 
958 |a OND 
958 |a EUIPO 
999 |c 2933513  |d 2935443